000 00743nam a2200265Ia 4500
003 OSt
005 20220918180058.0
006 a|||||r|||| 00| 0
007 ta
008 220917b |||||||| |||| 00| 0 eng d
024 _a20,555
037 _cTextual
040 _aARTS
_cARTS
_beng
041 _2eng
_aeng
082 _a2m73,N55, L3 (RR)
100 _aHenderson Jeanne J Ed.
_955636
245 0 _aBowker annual of library and book trade information
250 _a18th
260 _aNew York
_bR R Bowker
_c1973
300 _aix,548p.
_ccm.
500 _aAppendixes (A-D) (467-520)
650 _aLIBRARY SCIENCE
942 _h2m73,N55, L3 (RR)
_cTEXL
_2CC
999 _c160255
_d160255